| 000 | 01290nam a22003497a 4500 | ||
|---|---|---|---|
| 003 | CHAP | ||
| 005 | 20220329141119.0 | ||
| 008 | 971010s1988 r 00010 d | ||
| 010 | _a62782 | ||
| 011 | _a63754 | ||
| 035 | _a68030 | ||
| 040 | _cCHAP | ||
| 082 |
_a632.95 _bR4 |
||
| 100 | 0 | 0 |
_aRestrepo Fernández, Iván. _996171 |
| 245 |
_aNaturaleza muerta _b: los plaguicidas en México |
||
| 260 |
_aMéxico, D.F. : _bAndrómeda, _c1988 |
||
| 300 |
_a236 p. _b: mapas. |
||
| 590 |
_aBATCH-UPD _b10 _c20130110 _lUCH01 _h1939 |
||
| 590 |
_aBATCH-UPD _b10 _c20130410 _lUCH01 _h1303 |
||
| 590 |
_aBATCH-UPD _b10 _c20130914 _lUCH01 _h1019 |
||
| 590 |
_aCONVERSION _b10 _c20130109 _lUCH01 _h1334 |
||
| 650 | 1 | 4 |
_aPesticidas _xEfecto en el medio ambiente. _987548 |
| 650 | 1 | 4 |
_aPesticidas _xToxicidad. _987571 |
| 710 | 0 |
_aCentro de Ecodesarrollo, A. C. México. _921060 |
|
| 901 | _aBK | ||
| 942 | _cLIBRO | ||
| 949 |
_a632.95 R4 _bBC _cLIBRO _d33724000186540 _eLIBRO _h75551 _i68030 _si |
||
| 949 |
_a632.95 R4 _bBC _cLIBRO _d33724000724589 _eLIBRO _fc.3 _h75553 _i68030 _si |
||
| 949 |
_a632.95 R4 _bBC _cLIBRO _d33724000827127 _eLIBRO _fc.5 _h75555 _i68030 _si |
||
| 949 |
_a632.95 R4 _bBC _cLIBRO _d33724002175975 _eLIBRO _fc.2 _h112746rep. _i68030 _sb |
||
| 949 |
_a632.95 R48 _bSR _cLIBRO _d-134 _eLIBRO _h10164 _i68030 _si |
||
| 999 |
_c62782 _d62782 |
||